| 000 | 02402cam a22005534i 4500 | ||
|---|---|---|---|
| 003 | PE-LiUPU | ||
| 005 | 20250731180143.0 | ||
| 008 | 150706s r 000 0 d | ||
| 020 | _a9789702602088 | ||
| 035 | _a(Sirsi) i9789702602088 | ||
| 040 |
_aPE-LiUPU _bspa _cPE-LiUPU _erda |
||
| 049 | _aPRUA | ||
| 082 | 0 | 4 |
_a547.3 _bB84 _221 |
| 100 | 1 |
_aBrown, William H., _eautor. |
|
| 245 | 1 | 0 |
_aIntroducción a la química orgánica / _cWilliam H. Brown. |
| 250 | _a2a. ed. | ||
| 264 | 1 |
_aMéxico : _bGrupo Ediorial Patria, _c2007. |
|
| 300 |
_a591 páginas : _bilustraciones ; _c27 centímetros |
||
| 336 |
_atext _2rdacontent |
||
| 337 |
_aunmediated _2rdamedia |
||
| 338 |
_avolume _2rdacarrier |
||
| 500 | _aTítulo original: Introductión to Organic Chemistry. | ||
| 505 | 0 | _aEnlace covalente y orbitales de las moléculas -- Ácidos y bases -- Alcanos y cicloalcanos -- Quiralidad -- Alquenos y alquinos -- Reacciones de alquenos; 7. Haloalquenos -- Alcoholes, éteres y tioles -- Benceno y sus derivados -- Aminas -- Aldehídos y acetonas -- Ácidos carboxílicos -- Las funciones derivadas de los ácidos carboxílicos -- Aniones enolados -- Química de los polímeros orgánicos -- Carbohidratos -- Lípidos -- Aminoácidos y proteínas -- Ácidos nucleicos -- La química orgánica del metabolismo -- Espectroscopia de la resonancia magnética nuclear -- Espectroscopia infrarroja. | |
| 526 | _aSEG44 | ||
| 526 | _aSEG26 | ||
| 526 | _aP159 | ||
| 526 | _aP155 | ||
| 526 | _aP154 | ||
| 526 | _aP153 | ||
| 526 | _aP150 | ||
| 526 | _aP100 | ||
| 526 | _aP31 | ||
| 526 | _aP30 | ||
| 526 | _aP26 | ||
| 526 | _aP25 | ||
| 526 | _aP24 | ||
| 526 | _aP22 | ||
| 526 | _aP15 | ||
| 526 | _aP10 | ||
| 541 | _g015-0016193; | ||
| 650 | 0 | 4 |
_aQuímica orgánica. _92142 |
| 700 | 1 |
_aAguilar Ortega, María Teresa, _etr. |
|
| 910 |
_agl _cng _d20131121 |
||
| 942 |
_2ddc _cBOOK |
||
| 949 |
_a547.3 B84 _wDEWEY _c1 _i69200 _d2016-4-13 _e2016-4-11 _lCCODEBUL1 _mBUL _n9 _p33.00 _r0 _sY _tBOOK _u2015-7-6 _xINGENIERIA _PP24 _0COMPRA _o.STAFF. Colección General |
||
| 994 |
_aC0 _bPEPRU |
||
| 596 | _a1 | ||
| 999 |
_a547.3 B84 _wDEWEY _c51603 _i69200 _d51603 _e2018-11-22 _f2021-11-5 _g7 _lCCODEBUL1 _mBUL _n14 _p33.00 _q11 _r0 _sN _tBOOK _u2015-7-6 _xBIBLIOTECA _PP24 _0COMPRA _o.STAFF. Colección General |
||
| 980 |
_81 _gALBERTO SANCHEZ Responsable de Automatización |
||